<?xml version="1.0" encoding="UTF-8"?>
<record
    xmlns:xsi="http://www.w3.org/2001/XMLSchema-instance"
    xsi:schemaLocation="http://www.loc.gov/MARC21/slim http://www.loc.gov/standards/marcxml/schema/MARC21slim.xsd"
    xmlns="http://www.loc.gov/MARC21/slim">

  <leader>01004nam a2200217 a 4500</leader>
  <controlfield tag="003">DO-SdBNP</controlfield>
  <controlfield tag="005">20220706114636.0</controlfield>
  <controlfield tag="007">ta</controlfield>
  <controlfield tag="008">190806s2003                  000   spa d</controlfield>
  <datafield tag="020" ind1=" " ind2=" ">
    <subfield code="a">9993455652</subfield>
  </datafield>
  <datafield tag="040" ind1=" " ind2=" ">
    <subfield code="a">DO-SdBNP</subfield>
    <subfield code="b">spa</subfield>
    <subfield code="c">BNPHU </subfield>
  </datafield>
  <datafield tag="100" ind1="1" ind2=" ">
    <subfield code="a">Heras Borrero, Francisco Manuel de las,</subfield>
    <subfield code="9">76543</subfield>
    <subfield code="d">1951-</subfield>
  </datafield>
  <datafield tag="245" ind1="1" ind2="3">
    <subfield code="a">La orden de Malta : </subfield>
    <subfield code="b">un ente soberano sin territorio /</subfield>
    <subfield code="c">Francisco Manuel de las Heras y Borrero ; presentaci&#xF3;n Marino Ginebra Hurtado ; pr&#xF3;logo Jos&#xE9; Luis Rodr&#xED;guez Villaca&#xF1;as.</subfield>
  </datafield>
  <datafield tag="260" ind1=" " ind2=" ">
    <subfield code="a">[Santo Domingo] </subfield>
    <subfield code="b">Embajada de la Soberana Militar Orden de Malta, Re&#xFA;blica Dominicana : </subfield>
    <subfield code="b">Asociaci&#xF3;n Dominicana de la Soberana Orden de Malta, Corripio,</subfield>
    <subfield code="c">2003.</subfield>
  </datafield>
  <datafield tag="300" ind1=" " ind2=" ">
    <subfield code="a">234 p. : </subfield>
    <subfield code="b">il., retrs. ;</subfield>
    <subfield code="c">22 cm. </subfield>
  </datafield>
  <datafield tag="500" ind1=" " ind2=" ">
    <subfield code="a">Incluye datos biogr&#xE1;ficos del  autor  en la contracubierta.</subfield>
  </datafield>
  <datafield tag="504" ind1=" " ind2=" ">
    <subfield code="a">Bibliograf&#xED;a : p. 199-212</subfield>
  </datafield>
  <datafield tag="700" ind1="1" ind2=" ">
    <subfield code="a">Rodr&#xED;guez Villaca&#xF1;as, Jos&#xE9; Luis,</subfield>
    <subfield code="e">pr&#xF3;l.</subfield>
    <subfield code="9">80861</subfield>
  </datafield>
  <datafield tag="700" ind1="1" ind2=" ">
    <subfield code="a">Ginebra Hurtado, Marino,</subfield>
    <subfield code="e">preset.</subfield>
    <subfield code="9">80862</subfield>
  </datafield>
  <datafield tag="942" ind1=" " ind2=" ">
    <subfield code="2">ddc</subfield>
    <subfield code="c">LBS1</subfield>
  </datafield>
  <datafield tag="952" ind1=" " ind2=" ">
    <subfield code="0">0</subfield>
    <subfield code="1">0</subfield>
    <subfield code="2">ddc</subfield>
    <subfield code="5">1</subfield>
    <subfield code="7">0</subfield>
    <subfield code="8">PD</subfield>
    <subfield code="a">BNPHU</subfield>
    <subfield code="b">BNPHU</subfield>
    <subfield code="c">HD</subfield>
    <subfield code="d">2022-07-06</subfield>
    <subfield code="e">Familia Reyes Duluc.</subfield>
    <subfield code="l">0</subfield>
    <subfield code="p">2022-3352</subfield>
    <subfield code="r">2022-07-06</subfield>
    <subfield code="w">2022-07-06</subfield>
    <subfield code="y">LBS1</subfield>
  </datafield>
  <datafield tag="999" ind1=" " ind2=" ">
    <subfield code="c">48745</subfield>
    <subfield code="d">48745</subfield>
  </datafield>
</record>
